00229nam a2200073Ia 4500082001900000245005700019100003800076008004100114 a362.10968 COUL 0aPromoting health in South Africa : an action manual  a COULSON, Nancy Sandton, 1998 210817s9999 xx 000 0 und d